[Event "14th Malaga Open"]
[Site "Malaga ESP"]
[Date "2011.05.01"]
[Round "4.4"]
[White "Burgos Figueroa,C"]
[Black "Cuenca Jimenez,J"]
[Result "0-1"]
[WhiteElo "2301"]
[BlackElo "2493"]

1.e4 d6 2.d4 Nf6 3.Nc3 e5 4.Nf3 Nbd7 5.Bc4 Be7 6.O-O O-O 7.Re1 c6 8.a4 b6
9.d5 cxd5 10.Nxd5 Bb7 11.b3 Rc8 12.Re2 Nc5 13.Nxf6+ Bxf6 14.Bd5 Qd7 15.Ba3 Bxd5
16.Qxd5 Rfd8 17.Bxc5 Rxc5 18.Qd3 d5 19.Rd1 d4 20.c4 a6 21.Red2 Rdc8 22.Ra2 b5
23.cxb5 axb5 24.a5 Rc3 25.Qb1 Qe6 26.b4 Be7 27.Rb2 h5 28.Ne1 Qg4 29.Kf1 Qf4
30.g3 Qg4 31.Kg2 Qe6 32.Nd3 h4 33.Qa2 h3+ 34.Kf1 R3c4 35.f3 Qf6 36.Kf2 Qg5
37.Re2 Bxb4 38.a6 Bc3 39.a7 Ra4 40.Qd5 Rxa7 41.Qxb5 Ra5 42.Qd7 Rca8 43.Qxh3 Ra2
44.f4 exf4 45.gxf4 Qg6 46.Rxa2 Rxa2+ 47.Kf1 Ra8 48.Qf3 Qh7 49.h3 Re8 50.f5 Qh4
51.e5 Qg5 52.Rb1 Bd2 53.Rb7 Rc8 54.Rxf7 Be3  0-1

[Event "43rd TCh-ITA 2011"]
[Site "Spoleto ITA"]
[Date "2011.05.01"]
[Round "7"]
[White "De Filomeno,S"]
[Black "Laketic,G"]
[Result "1-0"]
[WhiteElo "2259"]
[BlackElo "2452"]

1.e4 d6 2.d4 Nf6 3.Nc3 e5 4.Nf3 Nbd7 5.Bc4 Be7 6.O-O O-O 7.Re1 a6 8.a4 b6
9.Nd5 Nxd5 10.Bxd5 Rb8 11.c3 c5 12.dxe5 dxe5 13.Bc6 Qc7 14.Bxd7 Rd8 15.Ng5 Bxd7
16.Qh5 Bxg5 17.Bxg5 f6 18.Be3 Be6 19.b4 a5 20.bxc5 bxc5 21.f4 Rd3 22.fxe5 fxe5
23.Bf2 Bf7 24.Qf5 Re8 25.Rac1 Bg6 26.Qg4 c4 27.Rb1 Rxc3 28.Rb5 Ra3 29.Rc5 Qf7
30.Rxa5 Ra2 31.Be3 Qb7 32.Ra7 Qb4 33.Rf1 Qa3 34.Qg5 Ra1 35.h3 Rxf1+ 36.Kxf1 Qd3+
37.Kg1 Qxe4 38.Rc7 h6 39.Qg3 Ra8 40.Rc5 Rxa4 41.Qxe5 Ra1+ 42.Kh2 Ra2 43.Qg3 Kh7
44.Bf4 Rxg2+ 45.Qxg2 Qxf4+ 46.Qg3 Qd2+ 47.Kg1 Qd1+ 48.Kf2 Qd2+ 49.Kg1 Qc1+
50.Kf2 Qb2+ 51.Kg1 Bd3 52.Rc7 Qd4+ 53.Kh2 Be4 54.h4 h5 55.Kh3 Qa1 56.Rf7 Qh1+
57.Qh2 Qd1 58.Qg3 Bg6 59.Qf3 Qg1 60.Rc7 Qd4 61.Rc6 Be8 62.Qf5+ Kh8 63.Qf8+ Kh7
64.Qxe8 Qg4+ 65.Kh2 Qxh4+ 66.Kg2 Qg4+ 67.Kf2 Qf5+ 68.Ke3 Qd3+ 69.Kf2 Qf5+
70.Ke1 Qb1+ 71.Ke2 Qd3+ 72.Kf2 Qf5+ 73.Ke3 Qd3+ 74.Kf4 Qf1+ 75.Kg5 Qg2+ 76.Kxh5 Qd5+
77.Kg4 Qg2+ 78.Kf5 Qd5+ 79.Kf4 Qd2+ 80.Kf3 Qd1+ 81.Kf2 Qd2+ 82.Qe2 Qf4+ 83.Qf3 Qd2+
84.Kg1 Qe1+ 85.Kh2 Qd2+ 86.Kh3  1-0

[Event "Thessaloniki Open A"]
[Site "Thessaloniki GRE"]
[Date "2011.05.01"]
[Round "9.6"]
[White "Michelakos,P"]
[Black "Kostopoulos,E"]
[Result "1-0"]
[WhiteElo "2098"]
[BlackElo "2246"]

1.e4 d6 2.d4 Nf6 3.Nc3 c6 4.f4 Qa5 5.Bd3 e5 6.Nf3 Nbd7 7.Qe2 Be7 8.Bd2 Qc7
9.O-O-O O-O 10.Rdg1 b5 11.g4 b4 12.Nd1 d5 13.exd5 e4 14.Bxe4 Nxe4 15.Qxe4 Nf6
16.Qd3 cxd5 17.Ne3 Rd8 18.f5 Qa5 19.Qb3 Ne4 20.Ne5 Bb7 21.Re1 Qb6 22.Nf3 a5
23.a4 bxa3 24.Qxb6 a2 25.Kd1 a1=Q+ 26.Bc1 Ba6 27.Nxd5 Nf2+ 28.Kd2 Rxd5 29.Rxe7 Nxh1
30.Qxa6 Rad8 31.Qb7 Qa4 32.c3 R5d7 33.Rxd7 Qxd7 34.Qxd7 Rxd7 35.Ke2 h5 36.Kf1 hxg4
37.Ne5 Re7 38.Kg2 f6 39.Nd3 Rd7 40.Kxh1 Rd5 41.Kg2 Rxf5 42.Nf2 Kf7 43.Nxg4 Ke6
44.c4 Rh5 45.Bd2 a4 46.Bc3 Kf5 47.Nf2 Rg5+ 48.Kf3 Rg1 49.c5 Ke6 50.Nd3 g5
51.Nb4 f5 52.d5+ Ke7 53.c6 Kd6 54.Be5+ Kxe5 55.c7 Rf1+ 56.Ke2  1-0

[Event "Heroes Day Masters"]
[Site "Bridgetown BAR"]
[Date "2011.05.02"]
[Round "9"]
[White "Hammar,B"]
[Black "Moran Nuque,A"]
[Result "1/2-1/2"]
[WhiteElo "2283"]
[BlackElo "2394"]

1.d4 d6 2.e4 Nf6 3.Nc3 c6 4.a4 Qa5 5.Bd2 e5 6.Nf3 Bg4 7.dxe5 dxe5 8.Nd5 Qd8
9.Nxf6+ Qxf6 10.Be2 Nd7 11.h3 Bxf3 12.Bxf3 a5 13.O-O Be7 14.Qe1 b6 15.Bd1 O-O
16.c3 Nc5 17.Bc2 Ne6 18.g3 Rad8 19.Rd1 Qf3 20.Qe3 Bc5  1/2-1/2

[Event "4NCL 2010-11"]
[Site "Hinkley Island ENG"]
[Date "2011.05.02"]
[Round "11.12"]
[White "Ferguson,M"]
[Black "Shaw,J"]
[Result "1/2-1/2"]
[WhiteElo "2379"]
[BlackElo "2439"]

1.e4 d6 2.d4 Nf6 3.Nc3 e5 4.Nf3 Nbd7 5.Bc4 Be7 6.O-O O-O 7.Re1 c6 8.a4 b6
9.d5 cxd5 10.Nxd5 Nxd5 11.Bxd5 Rb8 12.b3 Nf6 13.c4 Nxd5 14.Qxd5 a6 15.Ba3 Be6
16.Qd3 Qc7 17.Nd2 Qb7 18.Nf1 b5 19.axb5  1/2-1/2

[Event "4NCL 2010-11"]
[Site "Hinkley Island ENG"]
[Date "2011.05.02"]
[Round "11.13"]
[White "Gormally,D"]
[Black "Brunner,N"]
[Result "1/2-1/2"]
[WhiteElo "2470"]
[BlackElo "2474"]

1.e4 d6 2.d4 Nf6 3.Nc3 e5 4.Nf3 Nbd7 5.Bc4 Be7 6.O-O O-O 7.Re1 c6 8.a4 b6
9.d5 cxd5 10.Bxd5 Nxd5 11.Nxd5 Nf6 12.c4 Nxd5 13.Qxd5 Rb8 14.Nd2 Bb7 15.Qd3 Qd7
16.Nf1 Qe6 17.b3 Rfd8 18.Ne3 g6 19.Nd5 Bxd5 20.cxd5 Qd7 21.Be3 Rdc8 22.Rec1 Bd8
23.Qb5 Qxb5 24.axb5 Rxc1+ 25.Rxc1 Kf8 26.Rc6 Ke7 27.f4 Kd7 28.fxe5 dxe5 29.g4 Be7
30.Kf2  1/2-1/2

[Event "Victory Day GM"]
[Site "Moscow RUS"]
[Date "2011.05.02"]
[Round "4"]
[White "Sychev,K"]
[Black "Malaniuk,V"]
[Result "1/2-1/2"]
[WhiteElo "2258"]
[BlackElo "2494"]

1.e4 d6 2.d4 Nf6 3.Nc3 e5 4.Nf3 Nbd7 5.g4 Nxg4 6.Rg1 Ngf6 7.Bc4 h6 8.Be3 c6
9.dxe5 dxe5 10.Qd3 b5 11.Bb3 Qa5 12.O-O-O Ba6 13.Nd2 Rd8 14.Kb1 Nc5 15.Qf1 Nxb3
16.Nxb3 Rxd1+ 17.Qxd1 Qc7 18.Nc5 Bc8 19.Nd3 b4 20.Na4 Nxe4 21.f3 Nf6 22.Qe1 Be7
23.Rxg7 Bf5 24.Bc5 Bxd3 25.cxd3 a5 26.Qc1 Bxc5 27.Nxc5 Qd6 28.Qe3 Nd5 29.Qg1 Nf4
30.Rg4 Kf8 31.Qe3 Nd5 32.Qxe5 Qxe5 33.Nd7+ Ke7 34.Nxe5 h5 35.Nxc6+ Kd6 36.Rc4 Rg8
37.Nxa5 Rg1+ 38.Rc1 Rg2 39.Rc2 Rg1+ 40.Rc1 Rg2 41.Nc4+ Kd7 42.Rc2 Rg1+ 43.Rc1 Rg2
44.h4 f6 45.Re1 Rf2 46.Ne3 Nf4 47.Nc2 b3 48.axb3 Rxf3 49.Re3 Rxe3 50.Nxe3 Nxd3
51.Kc2 Ne5 52.Nd5 f5 53.Nf6+ Kd6 54.Nxh5 Nf3  1/2-1/2

[Event "Victory Day GM"]
[Site "Moscow RUS"]
[Date "2011.05.02"]
[Round "4"]
[White "Chernobay,A"]
[Black "Reshetnikov,Al"]
[Result "1-0"]
[WhiteElo "2486"]
[BlackElo "2487"]

1.e4 d6 2.d4 Nf6 3.Nc3 e5 4.Nf3 Nbd7 5.Bc4 exd4 6.Qxd4 g6 7.Bg5 Bg7 8.O-O-O h6
9.Bh4 g5 10.Bg3 Nh5 11.e5 Nxg3 12.hxg3 O-O 13.Qe4 Nc5 14.Qg6 Ne6 15.Qh5 Nc5
16.Nd5 Bf5 17.Ne3 Qd7 18.Nd4 Be6 19.Nxe6 fxe6 20.Ng4 d5 21.Qg6 Rf7 22.Nf6+ Rxf6
23.exf6 Qf7 24.Rxh6  1-0

[Event "European Senior Team"]
[Site "Thessaloniki GRE"]
[Date "2011.05.03"]
[Round "1"]
[White "Rosino,A"]
[Black "Preuss,F"]
[Result "1-0"]
[WhiteElo "2248"]
[BlackElo "1991"]

1.e4 d6 2.d4 Nf6 3.Nc3 e5 4.Nf3 Nbd7 5.Bc4 Be7 6.O-O O-O 7.Re1 c6 8.a4 b6
9.h3 a6 10.Bb3 Qc7 11.Be3 Bb7 12.dxe5 dxe5 13.Nd2 b5 14.Qe2 Nc5 15.axb5 axb5
16.f3 Nxb3 17.Nxb3 Rxa1 18.Rxa1 Ra8 19.Rxa8+ Bxa8 20.Qd1 Nd7 21.Qa1 Bb7 22.Kf2 g6
23.Qa7 Qb8 24.Qxb8+ Nxb8 25.Nc5 Bc8 26.b4 Nd7 27.Nxd7 Bxd7 28.Bc5 Bg5 29.Nd1 f5
30.Bd6 Bf6 31.Nb2 Kf7 32.Nd3 Ke6 33.Bc7 Be7 34.c3 Bd6 35.Bxd6 Kxd6 36.h4 Be6
37.g3 Bc4 38.Nc5 h6 39.Ke3 Ke7 40.f4 exf4+ 41.Kxf4 fxe4 42.Kxe4 Kd6 43.Kd4 Bd5
44.Nd3 g5 45.hxg5 hxg5 46.Nc5 g4 47.Nd3 Bc4 48.Ne5 Be6 49.Nd3 Bc4 50.Nf2 Be2
51.Ke3 Bf3 52.Kf4 c5 53.Nxg4 cxb4 54.cxb4 Be2 55.Ne3 Ke6 56.g4 Bxg4 57.Nxg4 Kd5
58.Ne5 Kd4 59.Nc6+ Kd5 60.Na5 Kd4 61.Kf3 Kd3 62.Nc6  1-0

[Event "2nd ch-Region Officer House Open"]
[Site "Lviv UKR"]
[Date "2011.05.04"]
[Round "1.8"]
[White "Bilsky,Mykola"]
[Black "Sanotsky,Yuriy"]
[Result "1/2-1/2"]
[WhiteElo "1692"]
[BlackElo "1993"]

1.e4 d6 2.d4 Nf6 3.Nc3 e5 4.dxe5 dxe5 5.Qxd8+ Kxd8 6.Nf3 Bd6 7.Bg5 Be6 8.O-O-O Nd7
9.a3 Ke8 10.h3 a6 11.Be2 h6 12.Be3 Ke7 13.Nd2 b5 14.Bf3 c6 15.g4 a5 16.a4 b4
17.Ne2 Bc5 18.Bxc5+ Nxc5 19.b3 Rad8 20.Ng3 g6 21.Rhe1 Rd4 22.Bg2 Rhd8 23.f3 Nfd7
24.Ne2 Rd6 25.Nf1 Nb6 26.Ne3 f6 27.Rxd6 Rxd6 28.Rd1 Nc8 29.Bf1 Rxd1+ 30.Nxd1 Nd6
31.Kb2 f5 32.exf5 gxf5 33.Nf2 Bd5 34.f4 Kf6 35.fxe5+ Kxe5 36.gxf5 Kxf5 37.Ng4 Kg5
38.Nd4 h5 39.Ne5 Nf5 40.Nexc6 Nxd4 41.Nxd4 Ne4 42.Bb5 Kf4 43.Nc6 Bxc6 44.Bxc6 Nc3
45.Kc1 Ke3 46.Be8 h4 47.Bg6 Ne2+ 48.Kd1 Nf4 49.Bf5  1/2-1/2

[Event "European Senior Team"]
[Site "Thessaloniki GRE"]
[Date "2011.05.04"]
[Round "2"]
[White "Kratschmer,H"]
[Black "Farrand,J"]
[Result "0-1"]
[WhiteElo "2177"]
[BlackElo "2086"]

1.d4 d6 2.e4 Nf6 3.Nc3 Nbd7 4.Be3 e5 5.Bc4 c6 6.Bb3 b5 7.f3 a6 8.a4 Bb7 9.Nge2 Qc7
10.O-O b4 11.Nb1 exd4 12.Bxd4 c5 13.Bxf6 Nxf6 14.c4 g6 15.Nd2 Bg7 16.Re1 O-O
17.Nf1 Rfe8 18.Bc2 Qe7 19.Ra2 b3 20.Bxb3 Nxe4 21.Bc2 Ng5 22.Ra3 Bd4+ 23.Kh1 Bf2
24.Ne3 Bxe1 25.Qxe1 f5 26.Qh4 Nxf3 27.Qxe7 Rxe7 28.gxf3 Bxf3+ 29.Kg1 Bxe2
30.Nd5 Re5 31.Nb6 Rae8 32.Nd7 R5e6 33.Nb6 Bxc4 34.Nxc4 Re1+ 35.Kf2 R8e2+
36.Kg3 Rxc2 37.Nxd6 Rg1+ 38.Kf4 Rd1 39.Nb7 Rd7 40.Rb3 Rc4+ 41.Kf3 Rb4 42.Rxb4 cxb4
43.Nc5 Rd6 44.Kf4 Kf7 45.Ke5 Rc6 46.Kd5 Rxc5+ 47.Kxc5 f4 48.Kb6 f3 49.Kxa6 f2
50.Kb7 f1=Q 51.a5 Qb5+  0-1

[Event "ch-UKR semi-final"]
[Site "Alushta UKR"]
[Date "2011.05.05"]
[Round "3.24"]
[White "Sharapov,E"]
[Black "Vypkhanyuk,I"]
[Result "1/2-1/2"]
[WhiteElo "2497"]
[BlackElo "2285"]

1.e4 d6 2.d4 Nf6 3.Nc3 e5 4.Nf3 Nbd7 5.Bc4 Be7 6.O-O O-O 7.Re1 c6 8.a4 b6
9.b3 Bb7 10.Bb2 Qc7 11.Qd2 a6 12.Rad1 b5 13.Bd3 Rad8 14.h3 Rfe8 15.axb5 axb5
16.Qc1 Bf8 17.Ne2 d5 18.Ng3 exd4 19.exd5 c5 20.Bxb5 Bxd5 21.Nd2 g6 22.c3 Bd6
23.cxd4 Bxg3 24.fxg3 Qxg3 25.Bf1 Nh5 26.Qc3 Rxe1 27.Qxg3 Rxf1+ 28.Nxf1 Nxg3
29.Nxg3 Bxb3 30.Rc1 cxd4 31.Bxd4 Nf8 32.Bf6 Rd1+ 33.Rxd1 Bxd1 34.Kf2 Nd7
35.Bd4 Bc2 36.Ke3 f6 37.Ne2 Kf7 38.g4 Bb3 39.h4 Bd1 40.Kd2 Bxe2 41.Kxe2 Ke6
42.Kf3 Kd5 43.Bc3 Ne5+ 44.Kf4 Nd3+ 45.Ke3 Ne5 46.Kf4 Nd7 47.h5 Ke6 48.hxg6 hxg6
49.Bd4 Nb8 50.Bb2 Nc6 51.Bc3 Ne7 52.Ke4 Nc6 53.Kf4 Nb8 54.Bb2 Nd7 55.Bd4 g5+
56.Kg3 Kd5 57.Bb2 Ke4 58.Ba3 Nb6 59.Bb2 Nd5 60.Ba1 Ke3 61.Bb2 Ke4 62.Ba1 f5
63.gxf5 Kxf5 64.Bd4 Nc7 65.Be3 g4 66.Bf4 Nd5 67.Bb8 Nf6 68.Bc7 Nh5+ 69.Kh4 Nf4
70.Kg3 Ne2+ 71.Kh4  1/2-1/2

[Event "41st Bosna Open"]
[Site "Sarajevo BIH"]
[Date "2011.05.05"]
[Round "3.22"]
[White "Djukic,Ni"]
[Black "Hadzovic,A"]
[Result "1-0"]
[WhiteElo "2486"]
[BlackElo "2143"]

1.e4 d6 2.d4 c6 3.Nc3 Nf6 4.h3 Qa5 5.Bd3 e5 6.Nf3 Be7 7.O-O Nbd7 8.Be3 Nf8
9.a4 Ng6 10.Qd2 Nh5 11.Rfb1 Nhf4 12.Bf1 Qc7 13.b4 O-O 14.b5 f5 15.dxe5 dxe5
16.a5 fxe4 17.b6 Qd8 18.Qxd8 Bxd8 19.Nxe4 axb6 20.axb6 Rxa1 21.Rxa1 Be7 22.Nfd2 Nd5
23.c4 Nf6 24.Ra7 Rd8 25.Ra8 Nf8 26.c5 Kf7 27.Nd6+ Bxd6 28.cxd6 Ke6 29.Nc4 Re8
30.Be2 Kd5 31.Ra5+ Ke6 32.Rxe5+ Kd7 33.Ra5 Ng6 34.g3 Re4 35.Bd3 Re8 36.Bf5+ Kd8
37.Ra8  1-0

[Event "European Senior Team"]
[Site "Thessaloniki GRE"]
[Date "2011.05.05"]
[Round "3"]
[White "Singer,H"]
[Black "Micheli,C"]
[Result "0-1"]
[WhiteElo "2274"]
[BlackElo "2258"]

1.d4 d6 2.e4 Nf6 3.Nc3 c6 4.a4 a5 5.h3 Na6 6.Nf3 e6 7.Bg5 Be7 8.e5 Nd7 9.Bxe7 Qxe7
10.Bxa6 Rxa6 11.O-O d5 12.Ne2 O-O 13.c3 b5 14.Nf4 bxa4 15.Nd3 c5 16.dxc5 Nxc5
17.Nxc5 Qxc5 18.Qxa4 Qc7 19.Rfe1 Bd7 20.Qa3 Rb8 21.Nd4 a4 22.f4 Rab6 23.Re2 Qd8
24.Kh2 R8b7 25.Rd1 f6 26.exf6 Qxf6 27.Kg1 Qxf4 28.Rf1 Qd6 29.Qxd6 Rxd6 30.Rff2 Rdb6
31.g4 Rc7 32.Re3 Rcb7 33.Ree2 h6 34.Nf3 Bb5 35.Rd2 Be8 36.Ne5 Kh7 37.h4 h5
38.Rf8 Bg6 39.Nf3 Be4 40.Ng5+ Kg6 41.gxh5+ Kxh5 42.Nxe4 dxe4 43.Rg2 Rb8 44.Rxb8 Rxb8
45.Re2 Kxh4 46.Rxe4+ Kg3 47.Rxe6 Rxb2 48.Rg6+ Kf3 49.Ra6 g5  0-1

[Event "TCh-SVK Extraliga 2010-11"]
[Site "Slovakia SVK"]
[Date "2011.05.06"]
[Round "9"]
[White "Petenyi,T"]
[Black "Priehoda,V"]
[Result "1/2-1/2"]
[WhiteElo "2393"]
[BlackElo "2398"]

1.e4 d6 2.d4 Nf6 3.Nc3 e5 4.Nf3 Nbd7 5.Bc4 Be7 6.O-O O-O 7.Re1 c6 8.a4 a5
9.Ba2 Qc7 10.dxe5 dxe5 11.Nh4 Nc5 12.Qf3 Be6 13.Nf5 Bxa2 14.Rxa2 Ne6 15.Ne2 Rfd8
16.Be3 Bf8 17.Neg3 Rd7 18.h4 Nf4 19.Ne2 Nxe2+ 20.Qxe2 Nxe4 21.Qg4 Nd6 22.Ng3 g6
23.Bb6 Qc8 24.Rxe5 Re7 25.Qxc8 Nxc8 26.Bd4 Bg7 27.Rxe7 Nxe7 28.Bxg7 Kxg7
29.Ra3 Nd5 30.Rb3 b6 31.Nf1 Re8 32.Ne3 Nxe3  1/2-1/2

[Event "European Senior Team"]
[Site "Thessaloniki GRE"]
[Date "2011.05.06"]
[Round "4"]
[White "Jamieson,P"]
[Black "Farrand,J"]
[Result "0-1"]
[WhiteElo "2277"]
[BlackElo "2086"]

1.d4 d6 2.e4 Nf6 3.Nc3 Nbd7 4.Nf3 e5 5.Bc4 h6 6.h3 c6 7.a4 Qc7 8.O-O Be7
9.Re1 g5 10.dxe5 dxe5 11.Nh2 Nf8 12.Be3 Be6 13.Qe2 Bb4 14.f3 Qa5 15.Bxe6 Nxe6
16.Qc4 Nd4 17.Rec1 Nd7 18.Bxd4 exd4 19.Ne2 Bd2 20.Rd1 Be3+ 21.Kh1 Ne5 22.Qb3 O-O-O
23.Ng3 Qc7 24.Nf5 Bf4 25.Nf1 h5 26.Nxd4 Rxd4 27.Rxd4 g4 28.fxg4 hxg4 29.Ra3 Qe7  0-1

[Event "European Senior Team"]
[Site "Thessaloniki GRE"]
[Date "2011.05.06"]
[Round "4"]
[White "Tseitlin,Ma"]
[Black "Rodriguez Vargas,O"]
[Result "1/2-1/2"]
[WhiteElo "2419"]
[BlackElo "2405"]

1.e4 d6 2.d4 Nf6 3.Nc3 e5 4.Nf3 Nbd7 5.Bc4 Be7 6.O-O O-O 7.Re1 c6 8.a4 a5
9.h3 h6 10.Ba2 Re8 11.Be3 Bf8 12.Qd3 Qc7 13.Rad1 exd4 14.Qxd4 Ne5 15.Nh2 Be6
16.b3 c5 17.Qd2 Bd7 18.f4 Ng6 19.f5 Ne5 20.Bf4 Bc6 21.Nf3 Rad8 22.Qf2 b6
23.Nd5 Nxf3+ 24.Qxf3 Bxd5 25.exd5 Qd7 26.g4 Rxe1+ 27.Rxe1 Re8 28.Kf1 Rxe1+
29.Kxe1 Qe8+ 30.Kd2 b5 31.Qe2 Qxe2+ 32.Kxe2 Nxd5 33.Bd2 b4 34.Kd3 Be7 35.c4 Nb6
36.Ke4 Kf8 37.Bf4 f6 38.Bb1 Ke8 39.Bd3 Kd7 40.Be2 Bd8 41.Be3 Bc7 42.h4 Bd8
43.Bf3 Nc8 44.Kd3 Ne7 45.Bd5 Nxd5  1/2-1/2

[Event "TCh-SVK Extraliga 2010-11"]
[Site "Slovakia SVK"]
[Date "2011.05.07"]
[Round "10"]
[White "Lasanda,M"]
[Black "Kleman,M"]
[Result "0-1"]
[WhiteElo "2137"]
[BlackElo "2266"]

1.e4 d6 2.d4 Nf6 3.Nc3 e5 4.dxe5 dxe5 5.Qxd8+ Kxd8 6.Bc4 Be6 7.Bxe6 fxe6
8.Nge2 Bc5 9.Bg5 h6 10.Bh4 a6 11.O-O-O+ Ke7 12.Rd3 Nc6 13.Kb1 Rad8 14.Rhd1 Rxd3
15.Rxd3 g5 16.Bg3 Nh5 17.Nd1 Nf4 18.Bxf4 exf4 19.f3 Ne5 20.Rd2 h5 21.c3 Rf8
22.h3 g4 23.hxg4 hxg4 24.fxg4 Be3 25.Rc2 Nxg4 26.Nd4 Rh8 27.Re2 Rh1 28.Kc2 c5
29.Nf3 b5 30.b3 Kd6 31.a4 c4 32.bxc4 bxa4 33.Ne1 Kc5 34.Nd3+ Kxc4 35.N1b2+ Kb5
36.c4+ Ka5 37.c5 Kb5 38.Nd1 a3 39.Nc3+ Kc4 40.c6 Rh7 41.Re1 Bd4 42.Ne2 Ne5
43.Ndxf4 Nxc6 44.Rc1 Bb2 45.Rd1 Nb4+ 46.Kb1 Kb3 47.Nc1+ Bxc1 48.Rxc1 a2+
49.Ka1  0-1

[Event "ch-Euro Indiv Women"]
[Site "Tbilisi GEO"]
[Date "2011.05.07"]
[Round "1"]
[White "Lahno,Kateri"]
[Black "Nikoladze,S"]
[Result "1-0"]
[WhiteElo "2530"]
[BlackElo "2278"]

1.e4 d6 2.d4 Nf6 3.Nc3 e5 4.Nf3 Nbd7 5.Bc4 Be7 6.O-O O-O 7.a4 a6 8.Qe2 b6
9.Rd1 Qe8 10.Nd5 Bd8 11.dxe5 Nxe5 12.Nxe5 dxe5 13.Bg5 Nd7 14.Be7 c6 15.Bxf8 Nxf8
16.Ne3 g6 17.Ng4 Kg7 18.Nxe5 Qxe5 19.Rxd8 Bg4 20.Qd2 Rxd8 21.Qxd8 Qxb2 22.Rf1 b5
23.axb5 axb5 24.Bb3 Be6 25.Qd3 Bxb3 26.Qxb3 Qd4 27.Qf3 Ne6 28.c3 Qe5 29.Qe3 g5
30.h3 h5 31.Rd1 Kg6 32.Rd7 Nc5 33.Rd8 f6 34.Rg8+ Kf7 35.Rc8 Qe6 36.Rc7+ Nd7
37.Qb6  1-0

[Event "ch-Euro Indiv Women"]
[Site "Tbilisi GEO"]
[Date "2011.05.07"]
[Round "1"]
[White "Khukhashvili,S"]
[Black "Zhorzholiani,M"]
[Result "1-0"]
[WhiteElo "2421"]
[BlackElo "2136"]

1.e4 d6 2.d4 Nf6 3.Nc3 e5 4.Nf3 Nbd7 5.Bc4 Be7 6.O-O O-O 7.Re1 a6 8.a4 b6
9.h3 Bb7 10.d5 h6 11.Nd2 c6 12.Nf1 b5 13.dxc6 Bxc6 14.axb5 axb5 15.Rxa8 Qxa8
16.Bxb5 Bxb5 17.Nxb5 Nxe4 18.Bxh6 Ndf6 19.Be3 Qc6 20.Qe2 d5 21.f3 Nc5 22.Bf2 Re8
23.c4 Ncd7 24.b3 d4 25.Ra1 Bc5 26.Ng3 Ra8 27.Rd1 Bf8 28.f4 Re8 29.fxe5 Nxe5
30.Nxd4 Qb7 31.Qc2 Bc5 32.Nb5 Qb6 33.Bxc5 Qxc5+ 34.Qf2 Nfd7 35.Ne4 Qb4 36.Qc2 Rb8
37.Rf1 Nb6 38.Ng5 Qc5+ 39.Kh1 g6 40.Nxf7 Nbxc4 41.Nxe5  1-0

[Event "ch-Euro Indiv Women"]
[Site "Tbilisi GEO"]
[Date "2011.05.07"]
[Round "1"]
[White "Kochetkova,J"]
[Black "Unapkoshvili,N"]
[Result "1-0"]
[WhiteElo "2341"]
[BlackElo "1970"]

1.e4 d6 2.d4 Nf6 3.Nc3 e5 4.Nge2 Nbd7 5.g3 Be7 6.Bg2 O-O 7.O-O c6 8.a4 a5
9.h3 Qc7 10.f4 exd4 11.Nxd4 Re8 12.g4 Nc5 13.g5 Nfd7 14.Nce2 Bf8 15.Ng3 b6
16.b3 Ba6 17.c4 Bb7 18.Bb2 Rad8 19.Ndf5 Ne6 20.Qg4 Kh8 21.Nh6 Nf6 22.gxf6 gxh6
23.Nf5 h5 24.Qxh5 d5 25.Be5 Bc5+ 26.Kh1 Qd7 27.Rad1 d4 28.Nh6 Rf8 29.Qg4 Rg8
30.Nxg8 Rxg8 31.Qf3 b5 32.h4 bxa4 33.bxa4 Ba7 34.Bh3 Qe8 35.Rg1 Rxg1+ 36.Rxg1 Qa8  1-0

[Event "FSIM May"]
[Site "Budapest HUN"]
[Date "2011.05.08"]
[Round "2.4"]
[White "Battey,A"]
[Black "Bhakti,K"]
[Result "1/2-1/2"]
[WhiteElo "2269"]
[BlackElo "2333"]

1.e4 d6 2.d4 Nf6 3.Nc3 e5 4.dxe5 dxe5 5.Qxd8+ Kxd8 6.Nf3 Bd6 7.Be3 c6 8.O-O-O Ke7
9.Bc4 Be6 10.Bxe6 fxe6 11.Nd2 b5 12.a4 a6 13.f3 Nbd7 14.Nb3 Rac8 15.axb5 axb5
16.Kd2 Bb4 17.Ra1 Ra8 18.Ke2 Rhc8 19.Rxa8 Rxa8 20.Ra1 Rxa1 21.Nxa1 Bc5 22.Nb3 Bxe3
23.Kxe3 Nb6 24.Nd2 Ne8 25.b3 Nc7 26.Ne2 Na6 27.Nf1 Nc7 28.Kd2 c5 29.Ne3  1/2-1/2

[Event "ch-CAN"]
[Site "Guelph CAN"]
[Date "2011.05.08"]
[Round "4"]
[White "Thavandiran,S"]
[Black "Jung,HansR"]
[Result "0-1"]
[WhiteElo "2335"]
[BlackElo "2139"]

1.e4 d6 2.d4 Nf6 3.Nc3 Nbd7 4.g4 e5 5.g5 Ng8 6.Nge2 h6 7.Rg1 hxg5 8.Bxg5 Ngf6
9.h4 c6 10.Qd2 Qc7 11.O-O-O Be7 12.Bh3 Nb6 13.Bxc8 Nxc8 14.Ng3 g6 15.f4 Nb6
16.Qf2 exf4 17.Nge2 O-O-O 18.Qxf4 Nh5 19.Qg4+ Kb8 20.b3 Rh7 21.Rgf1 Rdh8
22.Rf3 Bxg5+ 23.hxg5 Ng7 24.Rdf1 Ne6 25.a4 Rh1 26.d5 Nd8 27.Rxh1 Rxh1+ 28.Kb2 Nd7
29.dxc6 bxc6 30.Qg3 Ne5 31.Rf6 Qb6 32.Rxd6 Nc4+ 33.Ka2 Nxd6 34.Qxd6+ Qc7
35.Qb4+ Kc8 36.Qc4 Rh5 37.Qa6+ Qb7 38.Qc4 Qc7 39.Qa6+ Kb8 40.Nc1 Rh2 41.Kb2 Ne6
42.Nd3 Nd4 43.Nb4 Qd6 44.Qc4 Ka8 45.e5 Qxe5 46.a5 c5 47.Nbd5 Rxc2+ 48.Ka3 Qd6
49.Ne4 Qe5 50.Qa6 Nb5+ 51.Ka4 Qe8 52.Nb6+ Kb8 53.Qc8+ Qxc8 54.Nxc8 a6 55.b4 c4  0-1

[Event "ch-CAN"]
[Site "Guelph CAN"]
[Date "2011.05.08"]
[Round "5"]
[White "Qin,Z"]
[Black "Djerkovic,M"]
[Result "1-0"]
[WhiteElo "2159"]
[BlackElo "2186"]

1.e4 d6 2.d4 Nf6 3.Nc3 e5 4.Nf3 Nbd7 5.Bc4 Be7 6.O-O O-O 7.Re1 c6 8.a4 a5
9.h3 Qc7 10.Ba2 h6 11.Be3 Re8 12.Qd2 Bf8 13.Nh4 exd4 14.Bxd4 c5 15.Nb5 Qd8
16.Bc3 Ne5 17.f4 Nxe4 18.Rxe4 Qxh4 19.Ree1 Nf3+ 20.gxf3 Bxh3 21.Qh2 Qh5 22.Qg3 Bd7  1-0

[Event "NK Jeugd A"]
[Site "Haarlem NED"]
[Date "2011.05.08"]
[Round "9"]
[White "Von Meijenfeldt,Bart"]
[Black "Law,Nicky"]
[Result "1/2-1/2"]
[WhiteElo "2154"]
[BlackElo "2178"]

1.e4 d6 2.d4 Nf6 3.Nc3 e5 4.dxe5 dxe5 5.Qxd8+ Kxd8 6.Nf3 Bd6 7.Bg5 c6 8.Nd2 Nd7
9.Nc4 Bb4 10.O-O-O Bxc3 11.bxc3 Ke7 12.f4 h6 13.Bh4 g5 14.fxg5 Nxe4 15.gxh6+ f6
16.Re1 Ndc5 17.Nxe5 Rxh6 18.Nd3 Kf7 19.Nxc5 Nxc5 20.Bf2 Ne6 21.Be3 Rh5 22.h4 Bd7
23.g4 Re5 24.Bd3 Rg8 25.h5 Rxg4 26.h6 Rg8 27.Bxa7 Ra5 28.Be3 Rxa2 29.Kd2 Rg2+
30.Re2 Rxe2+ 31.Kxe2 Ra8 32.h7 Rh8 33.Rg1 f5 34.Bxf5 Nf4+ 35.Bxf4 Bxf5 36.Rb1 b5
37.Ra1 Bxh7 38.Ra7+ Ke6 39.Rc7 Be4 40.Ke3 Bd5 41.Rg7 Rh1 42.Kd2 Kf5 43.Be3 Ke4
44.Rg4+ Kf3 45.Rf4+ Kg3 46.Rf2 Bf3 47.Kd3 Rh7 48.Bd4 Rd7 49.Ke3 Re7+ 50.Kd2 Rd7  1/2-1/2

[Event "41st Bosna Open"]
[Site "Sarajevo BIH"]
[Date "2011.05.08"]
[Round "5.42"]
[White "Jacimovic,Sa"]
[Black "Hadzovic,A"]
[Result "1-0"]
[WhiteElo "1959"]
[BlackElo "2143"]

1.e4 d6 2.Nc3 c6 3.d4 Nf6 4.f3 Qa5 5.Bd3 e5 6.dxe5 dxe5 7.Be3 Be6 8.Ne2 Nbd7
9.a3 Be7 10.b4 Qc7 11.O-O Rd8 12.Qe1 a6 13.Na4 b5 14.Nb2 c5 15.c3 Nh5 16.Qc1 g6
17.g4 Ng7 18.Kg2 h5 19.h3 f5 20.Bh6 O-O 21.gxf5 gxf5 22.Rg1 f4 23.Kh2 Rf7
24.Rg2 Bf6 25.Qg1 c4 26.Bc2 Nf8 27.Rd1 Rdd7 28.a4 Qc8 29.Bxg7 Rxg7 30.Qb6 Rxd1
31.Rxg7+ Bxg7 32.Bxd1 Qd7 33.Qxa6 Qd2 34.axb5 Qe3 35.Ng1 Qf2+ 36.Kh1 Bf6
37.Be2 Bh4 38.Nd1 Qg3 39.Bf1 Qe1 40.Be2 Bxh3 41.Bxc4+ Kh7 42.Qb7+ Kh6 43.Qb6+ Kh7
44.Qc7+ Nd7 45.Qc8 Bf6 46.Qg8+ Kh6 47.Be6 Bxe6 48.Qxe6 Qxd1 49.b6 Kg7 50.b7 h4
51.Qg4+ Kf7 52.Qh5+ Kg7 53.Qg4+ Kf7 54.Qxd7+ Qxd7 55.b8=Q h3 56.Qa8 h2 57.Qa2+ Kg6
58.Qxh2 Qd3 59.Qg2+ Kf7 60.Qa2+ Kg6 61.Qg8+ Kh6 62.c4 Bh4 63.Qh8+ Kg5 64.Qxe5+ Kg6
65.Qf5+ Kh6 66.Qxf4+ Bg5 67.Qh2+ Kg6 68.c5 Qc3 69.Qd6+ Kh5 70.c6  1-0

[Event "41st Bosna Open"]
[Site "Sarajevo BIH"]
[Date "2011.05.08"]
[Round "5.9"]
[White "Szabo,Krisz1"]
[Black "Bogut,Z"]
[Result "1-0"]
[WhiteElo "2512"]
[BlackElo "2433"]

1.e4 d6 2.d4 Nf6 3.Nc3 e5 4.Nf3 Nbd7 5.Bc4 Be7 6.O-O O-O 7.a4 c6 8.Re1 b6
9.d5 cxd5 10.Nxd5 Bb7 11.b3 Rc8 12.Nxe7+ Qxe7 13.Nd2 Nc5 14.f3 Rfd8 15.Bb2 a6
16.Qe2 Qc7 17.Qf2 Ncd7 18.Nf1 d5 19.exd5 Nxd5 20.Rad1 Ne7 21.f4 e4 22.Ng3 Nc5
23.Nh5 Nf5 24.Qe2 Qc6 25.Nf6+ gxf6 26.Qh5 Ne6 27.Qxf5 Qc5+ 28.Qxc5 Nxc5 29.Bxf6 Re8
30.Re3 Rc6 31.Rg3+ Kf8 32.Be5 b5 33.axb5 axb5 34.Bxb5  1-0

[Event "TCh-SVK Extraliga 2010-11"]
[Site "Slovakia SVK"]
[Date "2011.05.08"]
[Round "11"]
[White "Mrva,V"]
[Black "Priehoda,V"]
[Result "1/2-1/2"]
[WhiteElo "2128"]
[BlackElo "2398"]

1.e4 d6 2.d4 Nf6 3.Nc3 c6 4.a4 Nbd7 5.Nf3 e5 6.Bc4 Be7 7.O-O O-O 8.dxe5 dxe5
9.Qe2 Qc7 10.Rd1 a5 11.Nh4 Nc5 12.f3 Ne6 13.Nf5 Nd4 14.Nxe7+ Qxe7 15.Qf2 Nxc2
16.Qxc2 Qc5+ 17.Qf2 Qxc4 18.Be3 Be6 19.Qg3 Nd7 20.Bh6 g6 21.Bxf8 Rxf8 22.Rd2 f6
23.Rad1 Rf7 24.Qf2 Nc5 25.Rd6 Kg7 26.Qe2 Qb4 27.Rd8 Bb3 28.R1d2 Bc4 29.Qf2 Re7
30.h3 Be6 31.Kh2 h5 32.Ra8 Nd7 33.Rd1 Nb6 34.Rb8 Nc4 35.Rdd8 Nxb2 36.Qd2 Nc4
37.Qc1 h4 38.Rh8 g5 39.Rhd8 Qc5 40.Nd1 Qb4 41.Ne3 Nxe3 42.Qxe3 Qxa4 43.Qa7 Qb4
44.Qa8 Qe1 45.Rh8 Qg3+ 46.Kh1 Qe1+  1/2-1/2

[Event "TCh-SVK Extraliga 2010-11"]
[Site "Slovakia SVK"]
[Date "2011.05.08"]
[Round "11"]
[White "Horvath,Marek"]
[Black "Klemanic,E"]
[Result "1/2-1/2"]
[WhiteElo "1829"]
[BlackElo "2257"]

1.e4 d6 2.d4 Nf6 3.Nc3 e5 4.dxe5 dxe5 5.Qxd8+ Kxd8 6.Bg5 Nd7 7.O-O-O Bd6
8.Bc4 Ke8 9.f3 a6 10.Nge2 b5 11.Bb3 Bb7 12.Nd5 Nxd5 13.Bxd5 Bxd5 14.Rxd5 Nb6
15.Rd3 f6 16.Be3 Nc4 17.Rhd1 Nxe3 18.Rxe3 Ke7 19.Red3 Rhd8 20.Nc3 c6 21.Kd2 Bb4
22.Ke2 Bxc3 23.Rxc3 Rxd1 24.Kxd1 Rd8+ 25.Ke2 Rd6 26.a3 Kd7 27.b4  1/2-1/2